Responses for Show #3304 - Thursday, January 7, 1999

Contestants

[<< previous game]

Jill Rupert-Bennett, a graduate student from New Orleans, Louisiana

David Becker, an attorney from Washington, D.C.

Dennis Thibodeaux, a computer consultant from Nashville, Tennessee (whose 1-day cash winnings total $9,200)

[next game >>]

Jeopardy! Round responses

BOX OFFICE BOMBS
THE HINDU RELIGION
CRITTERS
WHAT'S THAT ON YOUR HEAD?
TRAVEL & TOURISM
BEFORE & AFTER
    $100 1
The Postman

Jill
    $100 21
Mahatma Gandhi

David
    $100 18
Tasmania

Dennis
    $100 13
Fall

Triple Stumper
    $100 11
EPCOT Center

Jill
    $100 6
Pee-Wee Herman Melville

David
    $200 2
Waterworld

Dennis
    $200 22
(David: Who is the Dalai Lama?)

Buddha

DavidJill
    $200 19
Antennae

Dennis
    $200 14
Welder

David
    $200 12
Colorado

Dennis
    $200 7
Thomas Jefferson Starship/Airplane

David
    $300 3
Speed 2

Dennis
    $300 24
Brahmans

Jill
    $300 20
Skates

David
    $300 26
Red

Jill
    $300 15
Kathmandu

Jill
    $300 8
Susan B. Anthony Perkins

Dennis
    $400 4
Howard The Duck

Dennis
    $400 29
800 million

David
    $400 23
Caribou

David
    $400 27
Cowl

Dennis
    $400 16
Greece

Jill
    $400 9
Spike Lee Iacocca

Dennis
    $500 5
Bonfire Of The Vanities

David
    $500 30
River

Triple Stumper
    $700 25
(Alex: Less than a minute to go, & a three-way tie for first place)

Orangutan

Jill
    $500 28
James Naismith

Dennis
    $500 17
Romania

Triple Stumper
    $500 10
Agatha Christie Brinkley

David

Scores at the first commercial break (after clue 15):

Dennis David Jill
$1,800 $1,500 $500

Scores at the end of the Jeopardy! Round:

Dennis David Jill
$3,000 $2,500 $2,400

Double Jeopardy! Round responses

CAR TROUBLE
LYING IN STATE
BY THE BOOKS
COWBOY SONGS
WE'RE IN-SEINE
(Alex: Notice the spelling)
"U" GOT IT!
    $200 3
John DeLorean

Dennis
    $200 2
J. Edgar Hoover

David
    $200 1
Nancy Drew

Dennis
    $200 9
On the lone prairie

Dennis
    $200 20
Bridges

Dennis
    $200 10
Usher

David
    $400 7
Yugos

David
    $400 4
Taft (William Howard & Robert)

Triple Stumper
    $400 13
Pearl S. Buck

Dennis
    $400 24
(David: What is "Someone's In The Kitchen"?)

"Skip To My Lou"

David
Triple Stumper
    $400 22
Tuileries

Jill
    $400 14
(sung by Sebastian from "The Little Mermaid")

Under The Sea

David
    $600 8
Corvair

Dennis
    $1,000 5
Lyndon B. Johnson

Dennis
    $600 18
Aeschylus

Triple Stumper
    $600 25
jingle, jangle, jingle

Dennis
    $600 23
(Alex: A minute to go.)

Robert Fulton

Dennis
    $1,000 15
Unconditional

David
    $800 11
(Jill: What are V8s?)
(David: What are Wankel engines?)

Diesel engines

DavidJill
Triple Stumper
    $800 6
Pierre L' Enfant

David
    $800 19
John Dos Passos

Triple Stumper
    $800 26
Cool water

Dennis
    $800 28
[The end-of-round signal sounds.]

Le Havre

Triple Stumper
    $800 16
Ukraine

David
    $1000 12
Cadillac

Jill
    $1000 21
Claude Pepper

David
    $1000 27
ghost riders in the sky

David
    $1000 17
Urdu

Jill

Scores at the end of the Double Jeopardy! Round:

Dennis David Jill
$7,800 $7,100 $4,000

[wagering suggestions for these scores]

Final Jeopardy! Round responses

AMERICAN BUILDINGS
(famous for its jazz)
JillWhat
$3,900
DavidWhat is Preservation Hall
$7,100
DennisWhat is Carnegie Hall?
$7,000
Preservation Hall (in New Orleans)

Final scores:

Dennis David Jill
$800 $14,200 $100
2nd place: Marantz MD-20 Music System & Rhino CD's/Videos New champion: $14,200 3rd place: Vivitar Sport Travel Kit

Game dynamics:

Coryat scores:

Dennis David Jill
$7,400 $6,700 $3,800
20 R
(including 1 DD),
0 W
18 R
(including 1 DD),
3 W
11 R
(including 1 DD),
1 W

Combined Coryat: $17,900

[game clues] [game scores] [suggest correction]

Game tape date: 1998-11-10
The J! Archive is created by fans, for fans. Scraping, republication, monetization, and malicious use prohibited; this site may use cookies and collect identifying information. See terms. The Jeopardy! game show and all elements thereof, including but not limited to copyright and trademark thereto, are the property of Jeopardy Productions, Inc. and are protected under law. This website is not affiliated with, sponsored by, or operated by Jeopardy Productions, Inc. Join the discussion at JBoard.tv.